000 00560nam a2200193Ia 4500
005 20250508151426.0
008 008 250505s9999 xx 000 0 eng d
037 _aTextual
040 _aFEDL
_beng
_cFEDL
041 _aeng
_2eng
084 _a371.26, ODE
_qFEDL
100 _aOdell C W
_9756623
245 0 _aHow to improve classroom testing
260 _aDubuque
_bW M C Brown Company Publishers
_c1953
300 _avi,156p
650 _aEducational - Tests and Measurement
942 _cTEXL
_h371.26, ODE
999 _c1329699
_d1329699